| 000 | 00401nam a2200145Ia 4500 | ||
|---|---|---|---|
| 008 | 151015s9999 xx 000 0 und d | ||
| 020 | _a140424423 | ||
| 050 | _aPR 5866 .A35 2004 | ||
| 245 | _aWordsworth William | ||
| 250 | _a_Selected Poems William Wordsworth | ||
| 300 | _aLondon Penguin classics 2004 | ||
| 500 | _aIncludes Index | ||
| 650 | _a_Poetry | ||
| 700 | _a^d20110405 10:04:08^okorir | ||
| 999 |
_c1723 _d1723 |
||